Investment processes and their impact on investment in housing

Recenzia na publikáciu Investičné procesy a ich vplyv na investície do bývania.

Guardado en:
Detalles Bibliográficos
Autor principal: Moravčík, Oto
Formato: Capítulo de libro
Lenguaje:inglés
Materias:
Etiquetas: Agregar Etiqueta
Sin Etiquetas, Sea el primero en etiquetar este registro!

MARC

LEADER 00000nla a2200000 4500
001 0210352
005 20240417075102.7
041 0 |a eng 
044 |a SK 
245 1 0 |a Investment processes and their impact on investment in housing  |c Oto Moravčík 
520 |a Recenzia na publikáciu Investičné procesy a ich vplyv na investície do bývania. 
610 2 0 |a recenzie 
610 2 0 |a investície 
610 2 0 |a politika bytová 
100 1 |a Moravčík, Oto